Tương tác công trình với môi trường biển
Sách trình bày những kiến thức cơ bản về phương pháp tử hữu hạn; công trình chịu tải trọng sóng; một số giải pháp công trình trên nền san hô; nghiên cứu thực nghiệm tương tác giữa công trình và nền san hô....
Gorde:
| Egile nagusia: | |
|---|---|
| Formatua: | Liburua |
| Hizkuntza: | Undetermined |
| Argitaratua: |
Hà Nội
Khoa học tự nhiên và công nghệ
2018
|
| Gaiak: | |
| Etiketak: |
Etiketa erantsi
Etiketarik gabe, Izan zaitez lehena erregistro honi etiketa jartzen!
|
| Thư viện lưu trữ: | Trung tâm Học liệu Trường Đại học Cần Thơ |
|---|
| LEADER | 00973nam a2200205Ia 4500 | ||
|---|---|---|---|
| 001 | CTU_229633 | ||
| 008 | 210402s9999 xx 000 0 und d | ||
| 082 | |a 627 | ||
| 082 | |b Kh304 | ||
| 100 | |a Nguyễn, Tiến Khiêm | ||
| 245 | 0 | |a Tương tác công trình với môi trường biển | |
| 245 | 0 | |c Nguyễn Tiến Khiêm (Chủ biên) | |
| 260 | |a Hà Nội | ||
| 260 | |b Khoa học tự nhiên và công nghệ | ||
| 260 | |c 2018 | ||
| 520 | |a Sách trình bày những kiến thức cơ bản về phương pháp tử hữu hạn; công trình chịu tải trọng sóng; một số giải pháp công trình trên nền san hô; nghiên cứu thực nghiệm tương tác giữa công trình và nền san hô. | ||
| 650 | |a Hydrodynamics,Thủy lực học | ||
| 904 | |i Trọng Hiếu | ||
| 910 | |a Tuyến | ||
| 980 | |a Trung tâm Học liệu Trường Đại học Cần Thơ | ||